Portadas franciscanas (Record no. 1555)

MARC details
000 -CABECERA
campo de control de longitud fija 01111nam a2200277 a 4500
001 - NÚMERO DE CONTROL
campo de control BRCA_1773
005 - FECHA Y HORA DE LA ÚLTIMA TRANSACCIÓN
campo de control 20190320203537.0
008 - DATOS DE LONGITUD FIJA--INFORMACIÓN GENERAL
campo de control de longitud fija 920518s1991 mx-a---##b---s001-0#spa-#
020 ## - NÚMERO INTERNACIONAL ESTÁNDAR DEL LIBRO
Número Internacional Estándar del Libro 9686341226
040 ## - FUENTE DE LA CATALOGACIÓN
Centro catalogador/agencia de origen DLC
Centro/agencia transcriptor DLC
Centro/agencia modificador DLC
050 #4 - SIGNATURA TOPOGRÁFICA DE LA BIBLIOTECA DEL CONGRESO
Número de clasificación NA5253
Número de documento/Ítem .R43 1991
100 1# - ENTRADA PRINCIPAL--NOMBRE DE PERSONA
Nombre de persona Réau, Marie Thérèse
9 (RLIN) 5518
245 10 - MENCIÓN DE TÍTULO
Título Portadas franciscanas
Resto del título la decoración exterior de las iglesias de México en el siglo XVIII : regiones de Texcoco, Toluca, Tepalcingo y Sierra Gorda
Mención de responsabilidad, etc. Marie Thérèse Réau ; traducción Luz María Santamaría.
260 ## - PUBLICACIÓN, DISTRIBUCIÓN, ETC.
Lugar de publicación, distribución, etc. México
Nombre del editor, distribuidor, etc. Gobierno del Estado de México : Secretaría de Finanzas
Fecha de publicación, distribución, etc. 1991
300 ## - DESCRIPCIÓN FÍSICA
Extensión 534 p.
Otras características físicas il., mapas
Dimensiones 30 cm.
500 ## - NOTA GENERAL
Nota general Incluye índice de lugares
500 ## - NOTA GENERAL
Nota general Colección Sonia Corcuera de Mancera
504 ## - NOTA DE BIBLIOGRAFÍA, ETC.
Nota de bibliografía, etc. Bibliografía: p. [525]-531
650 14 - PUNTO DE ACCESO ADICIONAL DE MATERIA--TÉRMINO DE MATERIA
Término de materia o nombre geográfico como elemento de entrada Umbrales de la iglesia
Subdivisión geográfica México
9 (RLIN) 5519
650 14 - PUNTO DE ACCESO ADICIONAL DE MATERIA--TÉRMINO DE MATERIA
Término de materia o nombre geográfico como elemento de entrada Umbrales de piedra
Subdivisión geográfica México
9 (RLIN) 5520
650 14 - PUNTO DE ACCESO ADICIONAL DE MATERIA--TÉRMINO DE MATERIA
Término de materia o nombre geográfico como elemento de entrada Escultura en relieve
Subdivisión geográfica México
9 (RLIN) 3961
650 14 - PUNTO DE ACCESO ADICIONAL DE MATERIA--TÉRMINO DE MATERIA
Término de materia o nombre geográfico como elemento de entrada Decoración y ornamentación arquitectónica
Subdivisión geográfica México
9 (RLIN) 5521
700 1# - PUNTO DE ACCESO ADICIONAL--NOMBRE DE PERSONA
Nombre de persona Santamaría, Luz María
9 (RLIN) 5522
902 ## - CATALOGADOR
Iniciales DSC
942 ## - ELEMENTOS DE PUNTO DE ACCESO ADICIONAL (KOHA)
Fuente del sistema de clasificación o colocación Library of Congress Classification
Tipo de ítem Koha Libros
Holdings
Estado de retiro Estado de pérdida Estado dañado No para préstamo Localización permanente Ubicación/localización actual Fecha de adquisición Total de préstamos Signatura topográfica completa Código de barras Fecha visto por última vez Precio válido a partir de Tipo de ítem Koha
El ejemplar forma parte de la colección y puede ser consultado según las políticas vigentes.       Biblioteca del Museo Franz Mayer (Rogerio Casas-Alatriste) Biblioteca del Museo Franz Mayer (Rogerio Casas-Alatriste) 27/06/2008   NA5253 .R43 1991 DSC00023 22/03/2019 22/03/2019 Libros